000 00401nam a22001697a 4500
003 MPLRDC
005 20220104154308.0
008 210129b ||||| |||| 00| 0 eng d
082 _a490.7 HLG c.2
100 _a胡立光编
245 _a商场胆识
_c
260 _a
_b快泽有限公司
_c
300 _b
490 _a迷你系列. 70
650 _a商学总论
942 _cBK
_o490.7 HLG c.2
999 _c53904
_d53894